000 00756nam a2200253 a 4500
001 000038949
003 DO-SdBNP
005 20180214095621.0
007 000038943
008 110427s 2000 dr 000 0 spa d
040 _aBPMSU
_bspa
_cBPMSU
092 _axxxx
_bM953, 2005
110 _4Secretaría de Estado de la Mujer
245 0 0 _aMujeres de febrero.
250 _a[3a ed.]
260 _aSanto Domingo :
_bSecretaría de Estado de la Mujer,
_c[2005]
300 _a24 p. ;
_c22 cm.
930 1 _lBND01
_mLF1
_820130507
_f01
_pCT
_g36766
942 _2ddc
_cBK
945 _aInventariado, 2018 /LP
956 _aWMENDOZA
_b10
_c20130507
_lBND01
_h1550
956 _aVMATEO
_b10
_c20130522
_lBND01
_h1216
956 _aVMATEO
_b10
_c20150722
_lBPMSU
_h00151
999 _c7996
_d7996